| 000 | 00709nam a22001695i 4500 | ||
|---|---|---|---|
| 001 | 153207 | ||
| 003 | ES-MaACL | ||
| 005 | 20230906205054.0 | ||
| 008 | 990430s1872 sp |||| | spa d | ||
| 040 |
_aCYL _bspa _cCYL |
||
| 245 | 0 | 0 |
_aComisión de la flora forestal española _b: resumen de los trabajos verificados por la misma durante los años de 1869 y 1870. |
| 260 |
_aMadrid : _b[s.n.], _c1872 ( _fTipografía del Colegio Nacional de Sordo-Mudos y de Ciegos) |
||
| 300 |
_a199 p., [12] h. de lám. ; _c31 cm. |
||
| 650 | 4 |
_aFlora forestal- _zEspaña. _9136130 |
|
| 852 |
_aES-MaACL _jT-202-F-7 _z-- Enc. hol. muy deteriorada _q-- Falto de la cub. original |
||
| 852 |
_aES-MaACL _jG-2220 _z-- Enc. hol. |
||
| 999 |
_c153207 _d153207 |
||